| 000 | 00495nam a2200169Ia 4500 | ||
|---|---|---|---|
| 999 |
_c14025 _d14025 |
||
| 003 | OSt | ||
| 005 | 20201019103027.0 | ||
| 008 | 190216s9999||||xx |||||||||||||| ||und|| | ||
| 040 | _coclc | ||
| 082 |
_a823 _bHAN/S |
||
| 100 |
_aHanh, Thich Nhat _95870 |
||
| 245 | 4 |
_aThe Stone Boy And Other Stories / _cThich Nhat Hanh |
|
| 260 |
_bFull Circle Publishers , _c1997. _aNew Delhi: |
||
| 300 | _a223p | ||
| 650 | _aEnglish Stories | ||
| 942 |
_cBK _2ddc _h823 _iHAN/S _k823 _mHAN/S |
||